Beyoncé - PROTECTOR (Lyrics) - Statistics

General Stats
  • This quiz has been taken 17 times
  • The average score is 168 of 236
Answer Stats
Lyrics % Correct
a
100%
be
100%
I
100%
mm
100%
mm-hmm
100%
mm-mmh
100%
Intro (Rumi Carter) Mom
100%
protector
100%
the
100%
you
100%
your
100%
can
92%
Even
92%
even
92%
hear
92%
know
92%
on
92%
own
92%
so
92%
will
92%
gonna
83%
lullaby?
83%
Please?
83%
shine
83%
Verse 2 An
75%
me
75%
(Sing
75%
sing
75%
sing)
75%
singin'
75%
someday
75%
there
75%
though
75%
to
75%
up
75%
you're
75%
Chorus | Verse 1 And
67%
children
67%
if
67%
in
67%
projector
67%
was
67%
who
67%
father's
58%
it
58%
Liftin'
58%
name
58%
saw
58%
tangled
58%
We
58%
Born
50%
born
50%
face
50%
feeds
50%
gave
50%
hey-yeah
50%
listenin'
50%
long
50%
lose
50%
need
50%
now
50%
of
50%
raised
50%
soil
50%
that
50%
There's
50%
water
50%
way
50%
were
50%
Because
42%
carryin'
42%
down
42%
first
42%
gaze
42%
lead
42%
line
42%
river
42%
road
42%
tree
42%
all
33%
am
33%
are
33%
as
33%
hands
33%
marigold
33%
proud
33%
underneath
33%
yeah
33%
Yeah
33%
(Yeah)
33%
feel
25%
givin'
25%
light
25%
low
25%
picked
25%
While
25%
apricot
17%
August
17%
becomes
17%
evenin'
17%
(Evenin')
17%
flows
17%
garden
17%
golden
17%
Hummin'
17%
off
17%
right
17%
shaded
17%
Huh
8%
Outro Okay
8%
reverent
0%
No matching quizzes found
Score Distribution
Percent of People with Each Score
Percentile by Number Answered
Your Score History
You have not taken this quiz